| 000 | 00421nam a22001457a 4500 | ||
|---|---|---|---|
| 082 |
_a624.18341 _bYOU _cD |
||
| 100 |
_aYoung, McHardy J. _943264 |
||
| 245 |
_aReinforced concrete / _cMcHardy J, Young |
||
| 260 |
_aLondon : _bCrosby Lockwood & Son , Ltd _c1937. |
||
| 300 | _a101 p. : | ||
| 526 |
_a0 _b0 _c0 _d624_183410000000000_YOU |
||
| 526 |
_a0 _b0 _c0 _d624_183410000000000_YOU |
||
| 650 |
_aMCE _9379 |
||
| 942 |
_2ddc _cBK |
||
| 999 |
_c547077 _d547077 |
||